书目信息 |
| 题名: |
公共政策评估
|
|
| 作者: | 李志军 主编 | |
| 分册: | ||
| 出版信息: | 北京 经济管理出版社 2022.06 |
|
| 页数: | 427页 | |
| 开本: | 26cm | |
| 丛书名: | ||
| 单 册: | ||
| 中图分类: | D601 | |
| 科图分类: | ||
| 主题词: | 公共政策--gong gong zheng ce--研究--中国 | |
| 电子资源: | ||
| ISBN: | 978-7-5096-8461-0 | |
| 000 | 01365nam0 2200265 450 | |
| 001 | CAL 0120227436472 | |
| 005 | 20230217093113.0 | |
| 010 | @a978-7-5096-8461-0@dCNY98.00 | |
| 100 | @a20220729d2022 em y0chiy0120 ea | |
| 101 | 0 | @achi |
| 102 | @aCN@b110000 | |
| 105 | @aa a 000yy | |
| 106 | @ar | |
| 200 | 1 | @a公共政策评估@Agong gong zheng ce ping gu@d= Public policy evaluation@f李志军主编@zeng |
| 210 | @a北京@c经济管理出版社@d2022.06 | |
| 215 | @a427页@c图@d26cm | |
| 314 | @a李志军, 国务院发展研究中心研究员, 管理世界杂志社社长, 中国社会科学院大学政府管理学院特聘教授, 博士研究生导师。享受国务院政府特殊津贴专家、全国新闻出版行业领军人才。 | |
| 320 | @a有书目 | |
| 330 | @a本书力求比较系统、全面地反映国内外政策评估的最新研究成果, 内容包括公共政策评估基本理论、方法及国内外实践, 既可以作为公共管理、公共政策和公共政策评估的教学和科研参考书, 也可以作为从事公共政策评估人员的工具书。公共政策评估是国家治理体系建设的重要内容, 是推进国家治理能力现代化和政府管理创新的重要举措, 是促进重大政策落到实处的中国特色治理方式, 对完善有关改革方案和重大政策, 提高改革决策和政策的科学性、准确性发挥了重要作用, 具有十分重要的意义。 | |
| 510 | 1 | @aPublic policy evaluation@zeng |
| 606 | 0 | @a公共政策@Agong gong zheng ce@x研究@y中国 |
| 690 | @aD601@v5 | |
| 701 | 0 | @a李志军@Ali zhi jun@4主编 |
| 801 | 0 | @aCN@bBJXHZP@c20230228 |
| 905 | @b1386244-7@dD601@e169@f4 | |
| 公共政策评估= Public policy evaluation/李志军主编.-北京:经济管理出版社,2022.06 |
| 427页:图;26cm |
| ISBN 978-7-5096-8461-0:CNY98.00 |
| 本书力求比较系统、全面地反映国内外政策评估的最新研究成果, 内容包括公共政策评估基本理论、方法及国内外实践, 既可以作为公共管理、公共政策和公共政策评估的教学和科研参考书, 也可以作为从事公共政策评估人员的工具书。公共政策评估是国家治理体系建设的重要内容, 是推进国家治理能力现代化和政府管理创新的重要举措, 是促进重大政策落到实处的中国特色治理方式, 对完善有关改革方案和重大政策, 提高改革决策和政策的科学性、准确性发挥了重要作用, 具有十分重要的意义。 |
| ● |
| 相关链接 |
|
|
|
|
正题名:公共政策评估
索取号:D601/169
 
预约/预借
| 序号 | 登录号 | 条形码 | 馆藏地/架位号 | 状态 | 备注 |
| 1 | 1386244 | 213862444 | 第一样本阅览室/ [索取号:D601/169] | 在馆 | |
| 2 | 1386245 | 213862453 | 第一借阅区/ [索取号:D601/169] | 在馆 | |
| 3 | 1386246 | 213862462 | 第一借阅区/ [索取号:D601/169] | 在馆 | |
| 4 | 1386247 | 213862471 | 第一借阅区/ [索取号:D601/169] | 在馆 |